|
|
|
|
| LEADER |
00000cam a2200000 i 4500 |
| 001 |
1/59110 |
| 008 |
950812s1984 eng d |
| 020 |
|
|
|a 0471098906
|c $26.95 (est.)
|
| 035 |
|
|
|l 10028483
|
| 040 |
|
|
|a GR-MY-UA
|b gre
|e aacr
|
| 041 |
0 |
|
|a eng
|
| 082 |
0 |
|
|a 512/.5
|2 (19)
|
| 100 |
1 |
|
|a Anton, Howard.
|
| 245 |
1 |
0 |
|a Elementary linear algebra /
|c Howard Anton
|
| 250 |
|
|
|a 4th ed.
|
| 260 |
|
|
|a New York :
|b Wiley,
|c c1984
|
| 300 |
|
|
|a xiii, 403, [46] σ.;
|b εικ.;
|c 25 εκ.
|
| 504 |
|
|
|a Περιλαμβάνει ευρετήριο
|
| 650 |
0 |
0 |
|a Algebras, Linear.
|
| 852 |
|
|
|a INST
|b CHIOS
|e 19950812
|h 512.5 ANT
|p 005200004616
|q 005200004616
|t BK
|y 0
|
| 909 |
|
|
|a Χ
|b 005438
|